| 000 | 01304cam a22003255i 4500 | ||
|---|---|---|---|
| 999 |
_c27788 _d27759 |
||
| 001 | 12786565 | ||
| 003 | EG-ScBUE | ||
| 005 | 20191203131155.0 | ||
| 008 | 020523r20042002wiua f b 001 0 eng d | ||
| 020 | _a0615118844 | ||
| 035 | _a(OCoLC)ocm49806530 | ||
| 040 |
_aGZM _cGZM _dDLC _dEG-ScBUE |
||
| 082 | 0 | 4 |
_a660.2832 _bRAW _222 |
| 100 | 1 |
_aRawlings, James Blake, _eauthor. |
|
| 245 | 1 | 0 |
_aChemical reactor analysis and design fundamentals / _cJames B. Rawlings, Department of Chemical and Biological Engineering University of Wisconsin Madison, Wisconisn, John G. Ekerdt, Department of Chemical Engineering the University of Texas Austin, Texas. |
| 250 | _aSecond printing. | ||
| 264 | 1 |
_aMadison, Wisconsin : _bNob Hill Publishing, _c2004. |
|
| 300 |
_axxxii, 607 pages : _billustrations ; _c24 cm |
||
| 336 |
_atext _btxt _2rdacontent |
||
| 337 |
_aunmediated _bn _2rdamedia |
||
| 338 |
_avolume _bnc _2rdacarrier |
||
| 500 | _aFirst Printing : 2002. | ||
| 504 | _aIncludes bibliographical references and index. | ||
| 650 | 7 |
_aChemical reactors _xDesign and construction. _2BUEsh _933727 |
|
| 653 |
_bENGCHE _cNovember2019 |
||
| 655 | _vReading book | ||
| 700 | 1 |
_aEkerdt, John G, _eauthor. |
|
| 856 | 4 | 1 |
_3Table of contents _uhttp://www.loc.gov/catdir/toc/fy031/2001135832.html |
| 942 |
_2ddc _cBB |
||